| 000 | 01292cam a22002893a 4500 | ||
|---|---|---|---|
| 001 | 377 | ||
| 003 | PGUSA | ||
| 005 | 20140828082947.0 | ||
| 008 | 080709s2008||||xxu|||||s|||||000 | eng d | ||
| 040 |
_aPGUSA _beng |
||
| 042 | _adc | ||
| 050 | 4 | _aPS | |
| 100 | 1 | _aBarker, Nettie Garmer | |
| 245 | 1 | 0 |
_aKansas Women in Literature _h[electronic resource] / _cNettie Garmer Barker |
| 260 |
_bProject Gutenberg, _c2008 |
||
| 505 | 0 | _aEffie Graham -- Esther M. Clark -- Mary Vance Humphrey -- Kate A. Aplington -- Emma Upton Vaughn -- Jessie Wright Whitecomb -- Myra Williams Jarrell -- Ellen Palmer Allerton -- Emma Tanner Wood -- Cornelia M. Stockton -- Margaret Hill Mccarter -- Bessie May Bellman. and June Bellman Henthorne -- Amanda T. Jones -- Charlotte F. Wilder -- Anna L. January -- Hattie Horner Louthan -- Eva Morley Murphy -- Sallie F. Toler -- Anna E. Arnold. | |
| 506 | _aPublic domain in the USA. | ||
| 516 | _aElectronic text | ||
| 653 | _aWomen -- Kansas -- Intellectual life | ||
| 653 | _aKansas -- Biography | ||
| 653 | _aWomen and literature -- Kansas | ||
| 653 | _aWomen authors, American -- Homes and haunts -- Kansas | ||
| 653 | _aKansas -- In literature | ||
| 830 | 0 |
_aProject Gutenberg _v377 |
|
| 856 | 4 | 0 | _uhttp://www.gutenberg.org/ebooks/377 |
| 942 | _cEB | ||
| 999 |
_c229728 _d229728 |
||